Normal view
MARC view
- DIRECTORIOS
Entry Materia
001 - NÚMERO DE CONTROL DEL REGISTRO
- campo de control: 2281
003 - IDENTIFICADOR DE NUMERO DE CONTROL
- campo de control: UPN
005 - FECHA Y HORA DE LA ÚLTIMA TRANSACCIÓN
- campo de control: 20210219193620.0
008 - DATOS DE LONGITUD FIJA
- campo de control de longitud fija: nabaccnnaabn|||||||||| b |nc|||||d
035 ## - NÚMERO DE CONTROL DEL SISTEMA
- Número de control del sistema: UPN10000002281
040 ## - FUENTE DE LA CATALOGACIÓN
- Lengua de catalogación: SPA
- Agencia de transcripción: UPN
150 ## - ENCABEZAMIENTO - TEMÁTICO
- Término de materia o nombre geográfico como elemento inicial: DIRECTORIOS
360 ## - REFERENCIA COMPLEJA DE VÉASE ADEMÁS - MATERIA
- Texto explicativo: Véase también la subdivisión
- Encabezamiento al que se remite: DIRECTORIOS
- Texto explicativo: bajo nombres de lugares y materias
670 ## - FUENTE EN LA QUE SE LOCALIZARON DATOS
- Cita de la fuente: E
680 ## - NOTA GENERAL CON DESPLIEGUE PÚBLICO
- Texto explicativo: Se asientan aquí obras generales sobre la historia, descripción y bibliografía de los directorios y la composición de ellos
902 ## - CATALOGADOR
- Catalogador: MMA/180496
